| Tag |
First Indicator |
Second Indicator |
Subfields |
| LEADER |
00000cam a2200000 a 4500 |
| 001 |
in00002397708 |
| 005 |
20151109072459.0 |
| 008 |
070716s2007 bccac bc 000 0deng |
| 016 |
|
|
|a 20079045812
|
| 020 |
|
|
|a 9780978389215 (pbk.)
|
| 020 |
|
|
|a 0978389212 (pbk.)
|
| 029 |
0 |
|
|a NLC
|b 20079045812
|
| 035 |
|
|
|a (OCoLC)ocn156890066
|
| 035 |
|
|
|a (OCoLC)156890066
|
| 040 |
|
|
|a NLC
|b eng
|c NLC
|d BTCTA
|d BAKER
|d YDXCP
|d VP@
|d TXA
|d UtOrBLW
|
| 043 |
|
|
|a n-cn---
|
| 049 |
|
|
|a TXAM
|
| 055 |
0 |
2 |
|a NE543*
|
| 055 |
|
3 |
|a NE543 B53
|b A4 2007
|
| 055 |
0 |
0 |
|a NE543 B53
|b A4 2007
|
| 082 |
0 |
|
|a 769.92
|2 22
|
| 090 |
|
|
|a NE543.B53
|b A4 2007
|
| 100 |
1 |
|
|a Martens, Darrin J.
|
| 245 |
1 |
0 |
|a Doug Biden :
|b visceral allegories /
|c Darrin J. Martens.
|
| 246 |
3 |
|
|a Visceral allegories
|
| 264 |
|
1 |
|a Burnaby, B.C. :
|b Burnaby Art Gallery,
|c [2007]
|
| 264 |
|
4 |
|c ©2007
|
| 300 |
|
|
|a 95 pages :
|b illustrations, portrait (some color) ;
|c 24 cm.
|
| 336 |
|
|
|a text
|b txt
|2 rdacontent
|
| 337 |
|
|
|a unmediated
|b n
|2 rdamedia
|
| 338 |
|
|
|a volume
|b nc
|2 rdacarrier
|
| 504 |
|
|
|a Includes bibliographical references: page 93.
|
| 585 |
|
|
|a Catalogue of an exhibition held at the Burnaby Art Gallery, Burnaby, B.C., Sept. 11-Oct. 21, 2007.
|
| 600 |
1 |
0 |
|a Biden, Doug,
|d 1956-
|v Exhibitions.
|
| 650 |
|
0 |
|a Prints, Canadian
|v Exhibitions.
|
| 650 |
|
0 |
|a Human figure in art
|v Exhibitions.
|
| 650 |
|
0 |
|a Mass media and art
|v Exhibitions.
|
| 610 |
2 |
0 |
|a Burnaby Art Gallery
|v Exhibitions.
|
| 600 |
1 |
6 |
|a Biden, Doug,
|d 1956-
|v Expositions.
|
| 650 |
|
6 |
|a Estampes canadiennes
|v Expositions.
|
| 650 |
|
6 |
|a Corps humain dans l'art
|v Expositions.
|
| 650 |
|
6 |
|a Médias et art
|v Expositions.
|
| 610 |
2 |
6 |
|a Burnaby Art Gallery
|v Expositions.
|
| 700 |
1 |
|
|a Biden, Doug,
|d 1956-
|
| 710 |
2 |
|
|a Burnaby Art Gallery.
|
| 938 |
|
|
|a Baker and Taylor
|b BTCP
|n BK0007539895
|
| 938 |
|
|
|a YBP Library Services
|b YANK
|n 2782267
|
| 938 |
|
|
|a Baker & Taylor
|b BKTY
|c 26.95
|d 20.21
|i 0978389212
|n 0007539895
|s active
|
| 945 |
|
|
|a PromptCat
|b 442810
|
| 946 |
|
|
|a stk
|
| 947 |
|
|
|a A14836809162
|
| 948 |
|
|
|a cataloged
|b h
|c 2008/6/25
|d c
|e jgreene
|f 4:08:24 pm
|
| 994 |
|
|
|a C0
|b TXA
|
| 999 |
|
|
|a MARS
|
| 999 |
f |
f |
|s a7a9d1c9-38d6-3668-84c7-e3c02301e16c
|i 34335009-144a-3b62-ba31-5279a29fe65f
|t 0
|
| 952 |
f |
f |
|p normal
|a Texas A&M University
|b College Station
|c Sterling C. Evans Library
|d Evans: Library Stacks
|t 0
|e NE543.B53 A4 2007
|h Library of Congress classification
|i unmediated -- volume
|m A14836809162
|
| 998 |
f |
f |
|a NE543.B53 A4 2007
|t 0
|l Evans: Library Stacks
|